| 000 | 00808nam a2200241 a 4500 | ||
|---|---|---|---|
| 999 |
_c448403 _d448403 |
||
| 003 | BLK | ||
| 005 | 20230628121805.0 | ||
| 008 | 220311b bu |||||r|||| 00| | bu d | ||
| 040 | _aBLK | ||
| 041 |
_aBUL _cBUL |
||
| 080 |
_aСмесен хор _b78.087.684 _x(062) _z78.087.684(062) |
||
| 139 | _bV 30 | ||
| 245 |
_aChoir "Vassil Arnaudov" _bRousse _h[Малотир. изд.] |
||
| 260 |
_9441842 _aRousse _bб. и. _cб. г. |
||
| 300 |
_a1 л. _bс ил. _c21х30 см, сгънато до 21х10 см |
||
| 380 | _a7 | ||
| 500 | _aChoral Society Хорово дружество "Васил Арнаудов". | ||
| 653 | 7 |
_9200127 _aхорово пеене |
|
| 653 | 7 |
_9196848 _aсмесени хорове |
|
| 852 |
_bК _cК 78/V 30 |
||
| 942 |
_cKNG _n0 _s1 _01 |
||
| 944 |
_aCR _c2022-03-11 _kА.М. |
||